| 000 | 00940nas a2200325 4500 | ||
|---|---|---|---|
| 001 | BR2013000464 | ||
| 003 | BR-BrBNA | ||
| 005 | 20231205121808.0 | ||
| 007 | ta | ||
| 008 | 230509b bl.|||p| |||| 00| 00por d | ||
| 040 |
_aBR-BrBNA _bpor _cBiblioteca Nacional de Agricultura |
||
| 041 | _a(Pt) | ||
| 072 | _aJ10; F03 | ||
| 100 | 1 | _aMachado, C.G. | |
| 100 | 1 | _aMartins, C.C. | |
| 100 | 1 | _aCruz, S.C.S. | |
| 100 | 1 | _aNakagawa, J. | |
| 100 | 1 | _aPereira, F.R. da S. | |
| 245 | 1 | _aPosição do racemo e do fruto na qualidade fisiológica de sementes de mamona durante o armazenamento | |
| 650 | _aMAMONA | ||
| 650 | _aSEMENTE | ||
| 650 | _aQUALIDADE | ||
| 650 | _aARMAZENAMENTO | ||
| 650 | _aUMIDADE | ||
| 650 | _aGERMINAÇÃO | ||
| 650 | _aDORMÊNCIA | ||
| 773 | 0 |
_tSemina (Brazil) _xISSN 1676-546X _g(Apr-Jun 2010), v. 31(2) p. 301-312 _wBR2013000464 |
|
| 909 |
_a202311 _bLúcia _c55 _dLúcia Elande |
||
| 942 |
_2AGRIS _n0 _cANA |
||
| 999 |
_c225289 _d225289 |
||